National Airlines - Statistics

General Stats
  • This quiz has been taken 35 times
  • The average score is 35 of 95
Answer Stats
Country Stake (%) Airline % Correct
France 28.6 (& Netherlands 9.3) Air France
92%
China 53.46 Air China
88%
Canada 6.4 Air Canada
81%
Finland 55.8 Finnair
73%
Netherlands 9.3 (& France 28.6) KLM
73%
Qatar - / - / - Qatar Airways / Qatar Amiri Flight / Qatar Executive
73%
Saudi Arabia 100 / - Riyadh Air / Saudia
73%
Russia - / - / 51 Arkaim / Rossiya / Aeroflot
69%
United Arab Emirates 100 / 100 / 100 / 100 Etihad Airways / Dubai Royal Air Wing / Emirates / Flydubai
69%
Denmark / Sweden / Norway 14.24 / 14.82 / 0 Scandinavian Airlines
69%
Singapore 55.53 Singapore Airlines
69%
North Korea 100 Air Koryo
65%
Hong Kong 8 Cathay Pacific
65%
Egypt 100 EgyptAir
65%
Malta - Air Malta
62%
New Zealand 52 Air New Zealand
62%
Ethiopia 100 Ethiopian Airlines
62%
Serbia 100 Air Serbia
58%
Greenland 100 Air Greenland
54%
Indonesia 60.51 Garuda Indonesia
54%
Malaysia 100 Malaysia Airlines
54%
Oman - Oman Air
54%
Morocco - / - RAM Cargo / Royal Air Maroc
54%
Algeria 100 Air Algérie
50%
Latvia 80 AirBaltic
50%
Seychelles 100 Air Seychelles
50%
Belarus 100 Belavia
50%
Poland 100 LOT Polish Airlines
50%
Romania 97.22 TAROM
50%
Argentina 100 / 100 Aerolíneas Argentinas / LADE
46%
Botswana 100 Air Botswana
46%
Bahrain - Gulf Air
46%
Iran 60 Iran Air
46%
Kenya 48.9 Kenya Airways
46%
Jordan - Royal Jordanian
46%
Tunisia - Tunisair
46%
Fiji 52 Fiji Airways
42%
Kuwait 100 Kuwait Airlines
42%
Sri Lanka 99.11 SriLankan Airlines
42%
Portugal 97.75 TAP Portugal
42%
Vietnam 86.10 Vietnam Airlines
42%
Mauritius - Air Mauritius
38%
Bahamas 100 Bahamasair
38%
Taiwan - / - China Airlines / Mandarin Airlines
38%
Pakistan - Pakistan International Airlines
38%
Rwanda - RwandAir
38%
Uzbekistan - Uzbekistan Airways
38%
Kazakhstan 51 Air Astana
35%
Madagascar - / - Air Madagascar / Régie Malagache
35%
Zimbabwe 100 Air Zimbabwe
35%
Azerbaijan 100 Azerbaijan Airlines
35%
Bangladesh 51+ Biman Bangladesh Airlines
35%
Croatia 100 Croatia Airlines
35%
Brunei - Royal Brunei Airlines
35%
Macau 5 (& Air China 66.9) Air Macau
31%
Tanzania 100 Air Tanzania
31%
Venezuela 100 Conviasa
31%
Iraq 100 Iraqi Airways
31%
Italy 100 ITA Airways
31%
Lebanon 100 Middle East Airlines
31%
Nepal - Nepal Airlines
31%
Turkmenistan - Turkmenistan Airlines
31%
Djibouti - Air Djibouti
27%
Cuba 100 / 100 Aerogaviota / Cubana de Aviación
23%
Afghanistan 100 Ariana Afghan Airlines
23%
Syria 100 Syrian Air
23%
Angola 90 TAAG Angola Airlines
23%
Yemen 51 Yemenia
23%
Papua New Guinea 60 Air Niugini
19%
Cayman Islands 100 Cayman Airways
19%
Bhutan 100 Druk Air
19%
Laos 100 Lao Airlines
19%
Estonia - Nordica
19%
Thailand 51 Thai Airways International
19%
Uganda 100 Uganda Airlines
19%
New Calédonia 100 / 52.45 Aircalin / Air Calédonie
15%
Kiribati 100 Air Kiribati
15%
Vanuatu 100 Air Vanuatu
15%
Trinidad & Tobago 100 Caribbean Airlines
15%
Suriname 100 Surinam Airways
15%
Libya 100 / 100 Afriqiyah Airways / Libyan Airlines
12%
Ivory Coast 58 Air Côte d'Ivoire
12%
Guernsey 100 Aurigny
12%
Bolivia 100 Boliviana de Aviación
12%
Mongolia - MIAT Mongolian Airlines
12%
Nauru - Nauru Airlines
12%
Solomon Islands 100 Solomon Airlines
12%
Eritrea 80 (& and Ethiopia 20) Eritrean Airlines
8%
Sudan 79 Sudan Airways
8%
Cambodia 51 Cambodia Angkor Air
4%
India 100 Alliance Air
0%
Monaco 100 Heli Air Monaco
0%
Mozambique 100 LAM Mozambique Airlines
0%
Myanmar 100 / - Myanmar National Airlines / Myanmar Airways International
0%
Colombia - Satena
0%
No matching quizzes found
Score Distribution
Percent of People with Each Score
Percentile by Number Answered
Your Score History
You have not taken this quiz